[Event "Reykjavik Open 2025"]
[Site "Reykjavik"]
[Date "2025.04.12"]
[Round "5.114"]
[White "Abramov, Artem"]
[Black "Gudjonsson, Anton Vignir"]
[Result "1-0"]
[WhiteElo "1948"]
[WhiteFideId "4192451"]
[BlackElo "1750"]
[BlackFideId "2323664"]
[Variant "Standard"]
[StudyName "ROpen 2025 - Rd5 - Boards 109-172"]
1. e4 c5 2. Nf3 Nc6 3. d4 cxd4 4. Nxd4 e5 5. Nb5 d6 6. N1c3 a6 7. Na3 Nf6 8. Bg5 Be7 9. Bxf6 Bxf6 10. Nd5 Bg5 11. Nc4 Rb8 12. Ncb6 O-O 13. h4 Be7 14. Bd3 Be6 15. c3 Na7 16. Bc2 Nc8 17. Nc4 b5 18. Nce3 Nb6 19. g3 Nc4 20. Qc1 Nxe3 21. Qxe3 f5 22. O-O-O Bxd5 23. Rxd5 f4 24. Qe2 fxg3 25. fxg3 Qb6 26. Bb3 Kh8 27. Rd2 Rf6 28. Rf1 Rxf1+ 29. Qxf1 Rf8 30. Qd3 g5 31. Kc2 gxh4 32. gxh4 Rf2 33. Qg3 Rf8 34. Rg2 Bg5 35. hxg5 Kg7 36. g6 h6 37. Qh4 Qa7 38. Bf7 Qe3 39. Rf2 a5 40. Qf6# 1-0

[Event "Reykjavik Open 2025"]
[Site "Reykjavik"]
[Date "2025.04.12"]
[Round "5.115"]
[White "Hauksson, Helgi"]
[Black "Lenz, Joshua"]
[Result "0-1"]
[WhiteElo "1804"]
[WhiteFideId "2305593"]
[BlackElo "1944"]
[BlackFideId "16256956"]
[Variant "Standard"]
[StudyName "ROpen 2025 - Rd5 - Boards 109-172"]
1. e4 c5 2. Nf3 d6 3. d4 cxd4 4. Nxd4 Nf6 5. Nc3 a6 6. Be2 e5 7. Nb3 Be6 8. Bg5 Nbd7 9. Bxf6 Nxf6 10. O-O Be7 11. Kh1 O-O 12. f4 Qc7 13. f5 Bc4 14. Bxc4 Qxc4 15. Rf3 Nxe4 16. Qd5 (16. f6) 0-1

[Event "Reykjavik Open 2025"]
[Site "Reykjavik"]
[Date "2025.04.12"]
[Round "5.116"]
[White "Soderberg, Kevin"]
[Black "Sharf, Sam"]
[Result "1-0"]
[WhiteElo "1944"]
[WhiteFideId "1719726"]
[BlackElo "1702"]
[BlackFideId "39900380"]
[Variant "Standard"]
[StudyName "ROpen 2025 - Rd5 - Boards 109-172"]
1. c4 Nf6 2. Nf3 e6 3. d4 d5 4. g3 Be7 5. Bg2 O-O 6. O-O a5 7. Qc2 Nc6 8. a3 dxc4 9. Qxc4 a4 10. Nc3 Bd7 11. Ne5 Na5 12. Qd3 Be8 13. Bg5 Nb3 14. Rad1 Ra6 15. Bxb7 Rd6 16. e3 c5 17. Bxf6 Bxf6 18. Nc4 Rd7 19. Bc6 Rxd4 20. exd4 Bxc6 21. Ne5 Bxe5 22. dxe5 Nd4 23. f4 Qa8 24. Rf2 Bb7 25. Qe3 Nf3+ 26. Kf1 Ba6+ 27. Ne2 Nd4 28. Kg1 Nxe2+ 29. Rxe2 Bxe2 30. Qxe2 h5 31. Qxh5 Qe4 32. Kf2 Rb8 33. Qe2 Qc6 34. Rd2 g6 35. Qf3 Qb5 36. h4 Kg7 37. h5 Rh8 38. g4 c4 39. Kg1 Qa5 40. Re2 Qc5+ 41. Kf1 Qd4 42. f5 Qd1+ 43. Kf2 gxf5 44. gxf5 Rg8 45. f6+ Kh8 46. Re1 Qd4+ 47. Qe3 Qh4+ 48. Ke2 Qxh5+ 49. Kd2 c3+ 50. bxc3 Rb8 51. Kc2 Qf5+ 52. Qe4 Qf2+ 53. Qe2 Qh4 54. Qe3 Rg8 55. Qe4 Qf2+ 56. Re2 Qg3 57. Qh1+ 1-0

[Event "Reykjavik Open 2025"]
[Site "Reykjavik"]
[Date "2025.04.12"]
[Round "5.117"]
[White "Alkin, Mert"]
[Black "Benavente, Christian"]
[Result "0-1"]
[WhiteElo "1795"]
[WhiteFideId "34665005"]
[BlackElo "1938"]
[BlackFideId "1636928"]
[Variant "Standard"]
[StudyName "ROpen 2025 - Rd5 - Boards 109-172"]
1. e4 c6 2. d4 d5 3. e5 c5 4. c3 Nc6 5. Nf3 Bg4 6. Bb5 Qb6 7. Bxc6+ bxc6 8. Nbd2 e6 9. O-O a5 10. h3 Bh5 11. Re1 Be7 12. a4 g5 13. Qe2 h6 14. Qe3 Bg6 15. c4 Rb8 16. b3 cxd4 17. Nxd4 Bc5 18. Bb2 Ne7 19. g4 Kd7 20. Bc3 h5 21. Kg2 hxg4 22. hxg4 Rh4 23. f3 Nf5 24. gxf5 Rxd4 25. fxe6+ fxe6 26. Qxg5 Bf7 27. Qf6 Rg8+ 28. Kh3 Be7 29. Bxd4 Qxd4 30. Qh6 Qf2 31. Rg1 Rxg1 32. Rxg1 Qxg1 33. Qf4 Bg6 0-1

[Event "Reykjavik Open 2025"]
[Site "Reykjavik"]
[Date "2025.04.12"]
[Round "5.118"]
[White "Shepherd, Tom"]
[Black "Borne, Milan"]
[Result "1/2-1/2"]
[WhiteElo "1937"]
[WhiteFideId "447005"]
[BlackElo "1673"]
[BlackFideId "652011941"]
[Variant "Standard"]
[StudyName "ROpen 2025 - Rd5 - Boards 109-172"]
1. d4 Nf6 2. Nf3 e6 3. c4 b6 4. Bf4 Bb7 5. a3 Be7 6. Nc3 Ne4 7. Qc2 Nxc3 8. Qxc3 O-O 9. e3 d6 10. Bd3 f5 11. h3 Nd7 12. Qc2 Bf6 13. Bh2 Qe7 14. O-O-O g6 15. e4 Qg7 16. exf5 exf5 17. d5 Nc5 18. Rhe1 Rfe8 19. Re2 b5 20. Rxe8+ Rxe8 21. cxb5 Bxd5 22. Bc4 Bxb2+ 23. Qxb2 Bxc4 24. Qxg7+ Kxg7 25. Nd4 Rb8 26. a4 Nb3+ 27. Nxb3 Bxb3 28. Rd3 Be6 29. Rc3 Rc8 30. Bf4 Kf6 31. Be3 Ke7 32. Bxa7 Kd7 33. b6 cxb6 34. Rxc8 Kxc8 35. Bxb6 Bc4 36. h4 d5 37. Kd2 Kb7 38. a5 Kc6 39. Kc3 Kd6 40. Kd4 Bf1 41. g3 Bc4 42. Bc5+ Ke6 43. Bf8 Ba6 44. f4 Bb5 45. Kc5 Bc4 46. Bg7 Kd7 47. Be5 Ke6 48. Kb6 d4 49. Bxd4 Kd5 50. Bf6 Ke4 51. a6 Bd5 52. a7 Kf3 53. Kc7 Kxg3 54. Bg5 Kg4 55. Kd6 Be4 56. Ke5 Kh5 57. Be7 h6 58. Ke6 Ba8 59. Ke5 Be4 60. Bd8 1/2-1/2

[Event "Reykjavik Open 2025"]
[Site "Reykjavik"]
[Date "2025.04.12"]
[Round "5.119"]
[White "Helgadottir, Idunn"]
[Black "Landmark, Gabriel"]
[Result "1/2-1/2"]
[WhiteElo "1788"]
[WhiteFideId "2314118"]
[BlackElo "1927"]
[BlackFideId "2524848"]
[Variant "Standard"]
[StudyName "ROpen 2025 - Rd5 - Boards 109-172"]
1. d4 Nf6 2. c4 e6 3. Nc3 Bb4 4. Bd2 b6 5. a3 Bxc3 6. Bxc3 Ne4 7. Rc1 Bb7 8. Nf3 O-O 9. g3 d6 10. Bg2 Nd7 11. O-O f5 12. b4 Nxc3 13. Rxc3 Nf6 14. Ng5 Bxg2 15. Kxg2 Qd7 16. d5 exd5 17. cxd5 Rfe8 18. Qd3 Re5 19. Qc4 Rc8 20. Rd1 b5 21. Qa2 Qe7 22. e3 Ne4 23. Nxe4 fxe4 24. Qe2 Qf7 25. Qg4 Rf8 26. Rc2 Rxd5 27. Rxd5 Qxd5 28. Rxc7 Qe5 29. Rxa7 h6 30. Rc7 Qb2 31. Qe6+ Kh7 32. Rf7 Rxf7 33. Qxf7 Qe5 34. Qd7 Qh5 35. g4 Qd5 36. a4 bxa4 37. Qxa4 Qc4 38. Qa5 d5 39. Qc5 Qe2 40. Qf8 Qxg4+ 41. Kf1 Qd1+ 42. Kg2 Qg4+ 43. Kf1 Qd1+ 1/2-1/2

[Event "Reykjavik Open 2025"]
[Site "Reykjavik"]
[Date "2025.04.12"]
[Round "5.120"]
[White "Smit, Emeline"]
[Black "Erlendsson Weinert, Robin Peter"]
[Result "1-0"]
[WhiteElo "1926"]
[WhiteFideId "1042262"]
[BlackElo "1405"]
[BlackFideId "2330954"]
[Variant "Standard"]
[StudyName "ROpen 2025 - Rd5 - Boards 109-172"]
1. e4 c5 2. Nf3 Nc6 3. d4 cxd4 4. Nxd4 g6 5. Nc3 Bg7 6. Be3 a6 7. Nd5 e6 8. Nxc6 bxc6 9. Bb6 Qg5 10. f4 Qh5 11. Nc7+ Ke7 12. Qxh5 gxh5 13. Nxa8 Bxb2 14. Rb1 Bc3+ 15. Kf2 Nf6 16. Bd3 d5 17. Bc5+ Kd7 18. Nb6+ Kc7 19. Nxc8 Rxc8 20. e5 Ng4+ 21. Ke2 f6 22. Rb3 d4 23. h3 1-0

[Event "Reykjavik Open 2025"]
[Site "Reykjavik"]
[Date "2025.04.12"]
[Round "5.121"]
[White "Pearce, Tim"]
[Black "Tirronen, Esa"]
[Result "0-1"]
[WhiteElo "1762"]
[WhiteFideId "3217833"]
[BlackElo "1923"]
[BlackFideId "1735810"]
[Variant "Standard"]
[StudyName "ROpen 2025 - Rd5 - Boards 109-172"]
1. e4 d5 2. d4 dxe4 3. Nc3 Bf5 4. f3 Nf6 5. Bg5 Nbd7 6. Qd2 h6 7. Bxf6 Nxf6 8. O-O-O e6 9. Bc4 c6 10. Qe2 exf3 11. Nxf3 Be7 12. h3 b5 13. Nxb5 cxb5 14. Bxb5+ Kf8 15. g4 Be4 16. Rhf1 Qa5 17. Bc4 Rc8 18. Kb1 Qc7 19. Bb3 Bd5 20. Rd3 Bxb3 21. Rxb3 Nd5 22. h4 g5 23. c3 Kg7 24. Qe4 Qf4 25. Qe2 Qe3 26. Qa6 Rc6 27. Qb5 Rb6 28. Qc4 Rc8 29. Re1 Qxe1+ 0-1

[Event "Reykjavik Open 2025"]
[Site "Reykjavik"]
[Date "2025.04.12"]
[Round "5.122"]
[White "Fridthjofsdottir, Sigurl. Regina"]
[Black "Winnubst, Paul"]
[Result "1-0"]
[WhiteElo "1743"]
[WhiteFideId "2300788"]
[BlackElo "1906"]
[BlackFideId "40101460"]
[Variant "Standard"]
[StudyName "ROpen 2025 - Rd5 - Boards 109-172"]
1. e4 e6 2. d4 d5 3. e5 c5 4. c3 Nc6 5. Nf3 Bd7 6. Be2 Nge7 7. O-O cxd4 8. cxd4 Nf5 9. Nc3 a6 10. Be3 Be7 11. Rc1 O-O 12. Bd3 Nxe3 13. fxe3 f6 14. exf6 Bxf6 15. Ne5 Bxe5 16. Rxf8+ Kxf8 17. dxe5 Nxe5 18. Bxh7 g6 19. Qd4 Qg5 20. Rf1+ Kg7 21. Bxg6 Kxg6 22. Ne2 Rg8 23. h4 Nc6 24. Qd3+ 1-0

[Event "Reykjavik Open 2025"]
[Site "Reykjavik"]
[Date "2025.04.12"]
[Round "5.126"]
[White "Gudmundsson, Eirikur Orri"]
[Black "Tinkler, Paul"]
[Result "0-1"]
[WhiteElo "1551"]
[WhiteFideId "2325560"]
[BlackElo "1894"]
[BlackFideId "30961289"]
[Variant "Standard"]
[StudyName "ROpen 2025 - Rd5 - Boards 109-172"]
1. c4 f5 2. Nc3 g6 3. d4 Nh6 4. Nf3 Bg7 5. Bg5 Nf7 6. Bh4 c6 7. Ng5 Nxg5 8. Bxg5 d6 9. e3 Qc7 10. d5 O-O 11. dxc6 bxc6 12. Rc1 Bb7 13. Be2 h6 14. Bh4 e5 15. O-O g5 16. Bg3 f4 17. exf4 exf4 18. Qd3 Na6 19. c5 Nxc5 20. Qc2 a5 21. Na4 Nxa4 22. Qxa4 c5 23. Qb3+ Kh8 24. Bd1 fxg3 25. Qxg3 Be5 26. Qh3 Qg7 27. Bc2 Bc8 28. Qb3 Bf5 29. Bd1 Rab8 30. Qd5 Rxb2 31. Bb3 Bg6 32. Qe6 Bf7 33. Qh3 Bxb3 34. axb3 Bd4 35. Qd3 Rfxf2 36. Rxf2 Rxf2 37. Kh1 Qf7 38. Re1 Be5 39. Rg1 Kg7 40. Qb5 Kg6 41. Qd3+ Qf5 42. Qc4 Qf7 43. Qe4+ Kg7 44. Qd3 d5 45. Qe3 Bd4 46. Qd3 Be5 47. Qb5 Qc7 48. Rf1 Rxf1+ 49. Qxf1 c4 50. bxc4 dxc4 0-1

[Event "Reykjavik Open 2025"]
[Site "Reykjavik"]
[Date "2025.04.12"]
[Round "5.129"]
[White "Haertig, Jens"]
[Black "Rosario Almanzar, Raydily"]
[Result "1-0"]
[WhiteElo "2149"]
[WhiteFideId "24602558"]
[BlackElo "1888"]
[BlackFideId "6403573"]
[Variant "Standard"]
[StudyName "ROpen 2025 - Rd5 - Boards 109-172"]
1. c4 c5 2. Nc3 Nc6 3. g3 g6 4. Bg2 Bg7 5. e4 d6 6. Nge2 e6 7. O-O Nf6 8. d4 cxd4 9. Nxd4 Nxd4 10. Qxd4 O-O 11. Qd3 Qe7 12. Rd1 Rd8 13. e5 Ne8 14. Bf4 g5 15. exd6 Qf8 16. Bxg5 Rxd6 17. Qc2 f6 18. Be3 a5 19. Nb5 Rxd1+ 20. Rxd1 Qe7 21. Qd2 f5 22. Bg5 Bf6 23. Bxf6 Qxf6 24. Qd8 Qxd8 25. Rxd8 Kf7 26. Rxe8 Kxe8 27. Nc7+ 1-0

[Event "Reykjavik Open 2025"]
[Site "Reykjavik"]
[Date "2025.04.12"]
[Round "5.131"]
[White "Jaksland, Tim"]
[Black "Roth, Jonas"]
[Result "1-0"]
[WhiteElo "2140"]
[WhiteFideId "1401084"]
[BlackElo "1881"]
[BlackFideId "34623515"]
[Variant "Standard"]
[StudyName "ROpen 2025 - Rd5 - Boards 109-172"]
1. e4 e5 2. Nf3 Nc6 3. Bc4 Nf6 4. d3 h6 5. c3 Bc5 6. b4 Bb6 7. a4 a6 8. O-O O-O 9. Nbd2 d6 10. Re1 Ng4 11. Re2 Be6 12. h3 Nf6 13. Bxe6 fxe6 14. Nc4 Ba7 15. Be3 Nh5 16. b5 Nb8 17. d4 exd4 18. cxd4 axb5 19. axb5 Nd7 20. Rea2 Qb8 21. d5 Bxe3 22. Rxa8 Qxa8 23. Rxa8 Bxf2+ 24. Kxf2 Rxa8 25. dxe6 Nc5 26. Ncd2 Nxe6 27. Qb3 Re8 28. Qd5 Nf6 29. Qxb7 Kh7 30. Qc6 Re7 31. b6 cxb6 32. Qxd6 Re8 33. e5 Ng8 34. Qxb6 Nf4 35. Qb1+ Kh8 36. Ne4 Ra8 37. Nd6 Ra7 38. Qf5 1-0

[Event "Reykjavik Open 2025"]
[Site "Reykjavik"]
[Date "2025.04.12"]
[Round "5.132"]
[White "Le Pen, Steven"]
[Black "Toth, Kincso"]
[Result "1-0"]
[WhiteElo "2125"]
[WhiteFideId "612197"]
[BlackElo "1881"]
[BlackFideId "17003857"]
[Variant "Standard"]
[StudyName "ROpen 2025 - Rd5 - Boards 109-172"]
1. e4 d6 2. d4 Nf6 3. Nc3 Nbd7 4. Nf3 e5 5. Bc4 Be7 6. O-O O-O 7. Re1 c6 8. a4 a5 9. Bb3 Qc7 10. h3 h6 11. Be3 Re8 12. Qd2 Bf8 13. Rad1 Rb8 14. Nh4 b5 15. axb5 cxb5 16. dxe5 dxe5 17. Nd5 Nxd5 18. exd5 Nf6 19. d6 Qd8 20. Ng6 Be6 21. Nxe5 Rb7 22. Nc6 Qd7 23. Nxa5 Rbb8 24. Bc5 Rbc8 25. Bxe6 Rxe6 26. Rxe6 Qxe6 27. b4 Nd7 28. Nb3 Qg6 29. Qd3 Qh5 30. Re1 Rb8 31. Qf3 Qg5 32. Qg4 Qd8 33. Nd4 Nf6 34. Qf3 Qd7 35. Qc6 Qd8 36. Qc7 Qxc7 37. dxc7 Rc8 38. Bxf8 Kxf8 39. Nxb5 Nd5 40. Nd6 1-0

[Event "Reykjavik Open 2025"]
[Site "Reykjavik"]
[Date "2025.04.12"]
[Round "5.133"]
[White "Jonsson, Gauti Pall"]
[Black "Hardwick, Hugo"]
[Result "1-0"]
[WhiteElo "2122"]
[WhiteFideId "2309092"]
[BlackElo "1873"]
[BlackFideId "1767569"]
[Variant "Standard"]
[StudyName "ROpen 2025 - Rd5 - Boards 109-172"]
1. e4 c5 2. d4 cxd4 3. Qxd4 Nc6 4. Qd3 g6 5. Nc3 Bg7 6. Nf3 Nf6 7. Be2 d6 8. O-O O-O 9. Nd5 Nxd5 10. exd5 Bf5 11. Qd1 Nb4 12. c3 Nc2 13. g4 Nxa1 14. gxf5 Qa5 15. Be3 Qxa2 16. Qxa1 Qxd5 17. Rd1 Qxf5 18. Qa4 h5 19. Nh4 Qh3 20. Ng2 Rfd8 21. Qe4 Qd7 22. Bg5 Qc6 23. Qe3 Qb6 24. Qd2 Rd7 25. Nf4 e6 26. Nd3 d5 27. Qf4 Qd6 28. Qh4 d4 29. c4 Rc8 30. b3 e5 31. Bf3 Qb6 32. Qh3 Qe6 33. Qxe6 fxe6 34. Bh4 b5 35. c5 a5 36. Bg3 Rdc7 37. Ra1 Ra7 38. b4 Rf7 39. Be4 axb4 40. Bxg6 Rfc7 41. Rb1 Bf6 42. Be4 h4 43. Bxe5 Bxe5 44. Nxe5 Rxc5 45. Nd3 Rc4 46. Kg2 Kg7 47. Kh3 Rc3 48. Rxb4 R8c4 49. Rb1 b4 50. Kxh4 b3 51. Kg4 Rc2 52. Rxb3 R4c3 53. Rb6 Rd2 54. Nf4 Rxf2 55. Nxe6+ Kg8 56. h4 d3 57. Bg6 Rc4+ 58. Kh5 Rc8 59. Bxd3 Rf6 60. Kg5 Rf3 61. Bf5 Rc1 62. Rb8+ Kf7 63. Rb7+ Kg8 64. Kf6 Rc8 65. h5 Rxf5+ 66. Kxf5 Rc1 67. Kg6 Rc8 68. Rb6 Kh8 69. Nf4 Ra8 70. Kh6 Rd8 71. Rb7 Ra8 72. Ng6+ 1-0

[Event "Reykjavik Open 2025"]
[Site "Reykjavik"]
[Date "2025.04.12"]
[Round "5.134"]
[White "Schellenpfeil, Wolfgang"]
[Black "Hafthorsson, Jon Ulfur"]
[Result "1/2-1/2"]
[WhiteElo "2079"]
[WhiteFideId "6000207"]
[BlackElo "1872"]
[BlackFideId "2323206"]
[Variant "Standard"]
[StudyName "ROpen 2025 - Rd5 - Boards 109-172"]
1. d4 Nf6 2. c4 g6 3. Nc3 Bg7 4. Nf3 d6 5. g3 O-O 6. Bg2 c5 7. O-O Nc6 8. d5 Na5 9. Qd3 Bf5 10. e4 Bd7 11. Bd2 a6 12. Rfe1 b5 13. b3 Rb8 14. h3 e6 15. dxe6 bxc4 16. exf7+ Rxf7 17. bxc4 Rb4 18. e5 Bf5 19. Qxd6 Qxd6 20. exd6 Nxc4 21. Bf4 Rd7 22. Rad1 Nb2 23. Rd2 Nd3 24. Red1 Nxf4 25. gxf4 1/2-1/2

[Event "Reykjavik Open 2025"]
[Site "Reykjavik"]
[Date "2025.04.12"]
[Round "5.135"]
[White "Omarsson, Adam"]
[Black "Hermannsson, Sigurbjorn"]
[Result "1-0"]
[WhiteElo "2072"]
[WhiteFideId "2311453"]
[BlackElo "1870"]
[BlackFideId "2325128"]
[Variant "Standard"]
[StudyName "ROpen 2025 - Rd5 - Boards 109-172"]
1. d4 Nf6 2. c4 e6 3. Nc3 Bb4 4. e3 O-O 5. Bd3 c5 6. Nf3 d5 7. O-O dxc4 8. Bxc4 Nc6 9. a3 Ba5 10. Qd3 a6 11. Rd1 b5 12. Ba2 c4 13. Qe2 Bb7 14. e4 Ne7 15. Bg5 Bxc3 16. Bxf6 gxf6 17. bxc3 Ng6 18. Rab1 Qa5 19. Bxc4 Bxe4 20. Qxe4 bxc4 21. Qc2 Qxa3 22. Rb4 Rfb8 23. Rxc4 Rb2 24. Ra4 Rxc2 25. Rxa3 Nf4 26. Kf1 Rb8 27. Ne1 Rcb2 28. Rxa6 R8b3 29. c4 Rc3 30. d5 Rxc4 31. Ra8+ Kg7 32. d6 e5 33. d7 Ne6 34. Re8 Rf4 35. Nd3 Rb7 36. Nxf4 1-0

[Event "Reykjavik Open 2025"]
[Site "Reykjavik"]
[Date "2025.04.12"]
[Round "5.136"]
[White "Briem, Gudrun Fanney"]
[Black "Bartelt, Max Peter"]
[Result "1-0"]
[WhiteElo "1863"]
[WhiteFideId "2317486"]
[BlackElo "2104"]
[BlackFideId "12967289"]
[Variant "Standard"]
[StudyName "ROpen 2025 - Rd5 - Boards 109-172"]
1. d4 Nf6 2. Bf4 d5 3. e3 c5 4. Nf3 Nc6 5. Nbd2 e6 6. c3 Bd6 7. Bg3 O-O 8. Bd3 Qe7 9. Ne5 Nd7 10. f4 g6 11. h4 f6 12. Nxd7 Bxd7 13. Qf3 cxd4 14. exd4 e5 15. Qxd5+ Kg7 16. fxe5 fxe5 17. Ne4 Bc7 18. O-O-O Bf5 19. Qc5 Qd7 20. d5 Bxe4 21. Bxe4 Bb6 22. dxc6 Qxd1+ 23. Rxd1 Bxc5 24. Bxe5+ Kh6 25. cxb7 Rae8 26. b8=Q Rxb8 27. Bxb8 Rxb8 28. Bf3 Re8 29. Kc2 Re7 30. a4 Bf2 31. h5 Kg5 32. hxg6 hxg6 33. Rd2 Bg1 34. b4 Kf4 35. Re2 Rxe2+ 36. Bxe2 Ke5 37. a5 Kd6 38. Bf3 Bf2 39. Kb3 Be3 40. Ka4 Bd2 41. c4 Kc7 42. Kb5 Be1 43. Be2 Bd2 44. Ka4 Be1 45. Bf3 Bd2 46. c5 Be3 47. Kb3 Bd2 48. Kc4 Be1 49. a6 Bd2 50. b5 Be3 51. b6+ Kb8 52. Kb5 Bd4 53. Kc6 Be3 54. Be2 g5 55. bxa7+ Kxa7 56. Kd6 g4 57. c6 Kb6 58. a7 Bf4+ 59. Kd7 Kxa7 60. c7 1-0

[Event "Reykjavik Open 2025"]
[Site "Reykjavik"]
[Date "2025.04.12"]
[Round "5.137"]
[White "Brackmann, Hendrik"]
[Black "Albersmann, Rene"]
[Result "1-0"]
[WhiteElo "2040"]
[WhiteFideId "12905135"]
[BlackElo "1859"]
[BlackFideId "34631402"]
[Variant "Standard"]
[StudyName "ROpen 2025 - Rd5 - Boards 109-172"]
1. e4 c5 2. Nf3 Nc6 3. Nc3 e6 4. d4 cxd4 5. Nxd4 Bb4 6. Nxc6 Bxc3+ 7. bxc3 bxc6 8. Ba3 d5 9. Qd4 Nf6 10. e5 Ne4 11. f3 c5 12. Qd3 Qh4+ 13. g3 Nxg3 14. hxg3 Qxg3+ 15. Kd2 Qxe5 16. Bxc5 Qc7 17. Bd4 e5 18. Bxe5 Qe7 19. Bxg7 Rg8 20. Re1 Be6 21. Qb5+ Kd8 22. Qa5+ Kd7 23. Bb5+ Kc8 24. Qa6+ Kd8 25. Bf6 Qxf6 26. Qd6+ Kc8 27. Ba6# 1-0

[Event "Reykjavik Open 2025"]
[Site "Reykjavik"]
[Date "2025.04.12"]
[Round "5.138"]
[White "Pisan, Kai"]
[Black "Magnusson, Gisli"]
[Result "1-0"]
[WhiteElo "2020"]
[WhiteFideId "39904881"]
[BlackElo "1857"]
[BlackFideId "1437330"]
[Variant "Standard"]
[StudyName "ROpen 2025 - Rd5 - Boards 109-172"]
1. e4 c6 2. d4 d5 3. e5 c5 4. c3 e6 5. f4 Nc6 6. Nf3 cxd4 7. cxd4 Bd7 8. Nc3 Nge7 9. Be3 Nf5 10. Bf2 h5 11. Bd3 Bb4 12. O-O Nce7 13. Ng5 Nc6 14. Bxf5 Bxc3 15. Bxe6 Bxe6 16. Nxe6 fxe6 17. bxc3 Qe7 18. Rb1 O-O-O 19. Qa4 g5 20. Be3 gxf4 21. Rxf4 Rdf8 22. Rbf1 Rxf4 23. Rxf4 Rf8 24. Qc2 Rxf4 25. Bxf4 Qf7 26. Bg5 Qf5 27. Qxf5 exf5 28. Kf2 b5 29. Kg3 Kd7 30. Kh4 b4 31. Bd2 a5 32. Kxh5 a4 33. Kg6 b3 34. axb3 axb3 35. Bc1 Ke6 36. h4 Ne7+ 37. Kg5 Kf7 38. h5 Kg7 39. e6 f4 40. h6+ Kh7 41. Kf6 1-0

[Event "Reykjavik Open 2025"]
[Site "Reykjavik"]
[Date "2025.04.12"]
[Round "5.139"]
[White "Arnalds, Stefan"]
[Black "Liu, Meng"]
[Result "0-1"]
[WhiteElo "1850"]
[WhiteFideId "2304821"]
[BlackElo "2079"]
[BlackFideId "8620644"]
[Variant "Standard"]
[StudyName "ROpen 2025 - Rd5 - Boards 109-172"]
1. d4 Nf6 2. c4 e6 3. Nc3 Bb4 4. Qc2 d6 5. a3 Bxc3+ 6. Qxc3 O-O 7. g3 Re8 8. Bg2 e5 9. dxe5 dxe5 10. Bg5 h6 11. Rd1 Qe7 12. Bc1 Nc6 13. Nf3 Nd4 14. Nxd4 exd4 15. Qd2 Ne4 16. Bxe4 Qxe4 17. O-O Bh3 18. f3 Qxe2 19. Rf2 Qxc4 20. Re1 d3 21. b4 Qb5 22. Bb2 Rxe1+ 23. Qxe1 Re8 24. Qc3 f6 25. Rd2 Re3 26. Kf2 Qe8 27. Rd1 Rxf3+ 28. Kg1 0-1

[Event "Reykjavik Open 2025"]
[Site "Reykjavik"]
[Date "2025.04.12"]
[Round "5.140"]
[White "Zhang, Onno"]
[Black "Oskarsson, Markus Orri"]
[Result "1-0"]
[WhiteElo "1843"]
[WhiteFideId "34643397"]
[BlackElo "2051"]
[BlackFideId "2320118"]
[Variant "Standard"]
[StudyName "ROpen 2025 - Rd5 - Boards 109-172"]
1. e4 c5 2. Nf3 d6 3. d4 cxd4 4. Nxd4 Nf6 5. Nc3 Nc6 6. Bc4 Qb6 7. Be3 Qxb2 8. Ndb5 Qb4 9. Bd5 Qa5 10. Rb1 e6 11. O-O exd5 12. exd5 Ne5 13. f4 Neg4 14. Bd4 h5 15. Qe2+ Kd8 16. h3 Nh6 17. Rfe1 Bd7 18. Nxa7 Rxa7 19. Bb6+ Qxb6+ 20. Rxb6 Nf5 21. Qc4 Rh6 22. Nb5 Bxb5 23. Qxb5 Kc7 24. Rb1 Kd8 25. Rxb7 Rxb7 26. Qxb7 Nd7 27. Qa8+ Ke7 28. Re1+ Kf6 29. Qd8+ Be7 30. Qxd7 Rh8 31. Re6+ 1-0

[Event "Reykjavik Open 2025"]
[Site "Reykjavik"]
[Date "2025.04.12"]
[Round "5.141"]
[White "Fernandez, Kenneth"]
[Black "Mrozowski, Nikodem"]
[Result "1/2-1/2"]
[WhiteElo "1842"]
[WhiteFideId "30903750"]
[BlackElo "1984"]
[BlackFideId "41801733"]
[Variant "Standard"]
[StudyName "ROpen 2025 - Rd5 - Boards 109-172"]
1. c4 e5 2. Nc3 Nc6 3. e3 Nf6 4. Nf3 Bb4 5. Qc2 d6 6. Nd5 Nxd5 7. cxd5 Ne7 8. Qa4+ c6 9. Qxb4 Nxd5 10. Qa4 f5 11. a3 e4 12. Nd4 Nb6 13. Qb3 Qg5 14. a4 d5 15. a5 Nc4 16. a6 Nd6 17. axb7 Bxb7 18. Qb4 Kd7 19. Qc5 a6 20. g3 h5 21. h4 Qf6 22. b3 f4 23. Bh3+ Ke8 24. Ba3 fxe3 25. dxe3 Nb5 26. O-O Nxa3 27. Rxa3 g5 28. hxg5 Qxg5 29. Nf5 h4 30. Nd6+ Kf8 31. Nxe4+ Qe7 32. Qxe7+ Kxe7 33. Ng5 hxg3 34. fxg3 Rag8 35. Rf7+ Kd6 36. Rxb7 Rxg5 37. Kg2 Rgh5 38. Rd7+ Ke5 39. Re7+ Kd6 40. Re6+ Kc5 41. Rxa6 Rxh3 42. Rexc6+ Kb4 43. Rab6+ Ka3 44. Rd6 Rh2+ 45. Kf3 Rf8+ 46. Rf6 Rg8 47. b4 Rh1 48. Rf4 Rg1 49. g4 Rf1+ 50. Kg3 Rg1+ 51. Kf3 Rf1+ 52. Ke2 Rxf4 53. exf4 Rxg4 54. Ke3 Kb3 55. f5 Kc4 56. f6 d4+ 57. Kf3 Rg1 58. Ke4 Rf1 59. Rc6+ Kb5 60. Rc5+ Ka4 61. Ra5+ Kb3 62. Ra6 Kc4 63. Rb6 Rf2 64. Rd6 d3 65. b5 Kxb5 66. Kxd3 Kc5 67. Ra6 Kd5 68. Ke3 Rf1 69. Ke2 Rf4 70. Ke3 Rf1 71. Rb6 Ke5 72. Rb5+ Ke6 73. Ke4 Kf7 1/2-1/2

[Event "Reykjavik Open 2025"]
[Site "Reykjavik"]
[Date "2025.04.12"]
[Round "5.143"]
[White "Muzik, Roman"]
[Black "Skettos, Nicolas"]
[Result "0-1"]
[WhiteElo "1832"]
[WhiteFideId "357480"]
[BlackElo "1983"]
[BlackFideId "5900670"]
[Variant "Standard"]
[StudyName "ROpen 2025 - Rd5 - Boards 109-172"]
1. e4 e6 2. d4 d5 3. e5 c5 4. c3 Qb6 5. Nf3 Bd7 6. Be2 cxd4 7. cxd4 Bb5 8. Nc3 Bxe2 9. Qxe2 a6 10. O-O Nc6 11. Be3 Nge7 12. a3 Nf5 13. Qd3 Rd8 14. b4 Be7 15. Na4 Qa7 16. Rac1 O-O 17. Nc5 Rc8 18. g4 Nxe3 19. Qxe3 a5 20. Rb1 b6 21. Nd3 axb4 22. Nxb4 Nxb4 23. axb4 Rc4 24. b5 Rfc8 25. Rb3 Qa4 26. Rfb1 h6 27. h4 Rc1+ 28. Rxc1 Rxc1+ 29. Kg2 Qa1 30. g5 Rh1 31. Qd3 hxg5 32. Rc3 g4 33. Rc8+ Bf8 34. Rxf8+ Kxf8 35. Qh7 Qf1+ 36. Kg3 Qh3+ 37. Kf4 Qxf3+ 38. Kg5 Qf5+ 0-1